| 000 | 00791cab a2200265 4500 | ||
|---|---|---|---|
| 001 | WB3238-14 | ||
| 008 | 090401t1996 xxu||||| |||| 00| 0 eng d | ||
| 035 | _a(Sirsi) u20455 | ||
| 041 | _aeng | ||
| 245 | _aBritish Land securitises rents | ||
| 260 | _c1996 | ||
| 350 | _a0 | ||
| 490 |
_aEstates Gazette _v(9640) 5 October 1996, 58(1) |
||
| 520 | _aBritish Land has refinanced 135 Bishopsgate, the NatWest Headquarters, by securitising the rental income. | ||
| 650 | _aBISHOPSGATE | ||
| 650 | _aBRITISH LAND | ||
| 650 | _aPROPERTY-COMMERCIAL PROPERTY | ||
| 650 | _aNATWEST | ||
| 650 | _aRENTAL INCOME | ||
| 650 | _aSECURITISATION | ||
| 650 | _aTHAMES ASSET GLOBAL SECURITISATION | ||
| 690 | _aPROPERTY-PROPERTY FINANCE AND INVESTMENT | ||
| 942 | _n0 | ||
| 948 | _c04/03/1997 | ||
| 999 |
_c13705 _d13705 |
||